The three billy goats' stuff! / (Record no. 7356)

MARC details
000 -LEADER
fixed length control field 01523nam a22002897a 4500
001 - CONTROL NUMBER
control field 7356
003 - CONTROL NUMBER IDENTIFIER
control field FISKH
005 - DATE AND TIME OF LATEST TRANSACTION
control field 20250710134954.0
008 - FIXED-LENGTH DATA ELEMENTS--GENERAL INFORMATION
fixed length control field 250710b cb ||||| |||| 00| 0 eng d
020 ## - INTERNATIONAL STANDARD BOOK NUMBER
International Standard Book Number 9780825478536
040 ## - CATALOGING SOURCE
Original cataloging agency FISKH
Language of cataloging eng
Transcribing agency FISKH
Modifying agency FISKH
050 ## - LIBRARY OF CONGRESS CALL NUMBER
Classification number PZ7.H26725 T
082 ## - DEWEY DECIMAL CLASSIFICATION NUMBER
Classification number 813.5
100 ## - MAIN ENTRY--PERSONAL NAME
Personal name Hartman, Bob
245 ## - TITLE STATEMENT
Title The three billy goats' stuff! /
Statement of responsibility, etc. Bob Hartman ; Illustrated by Jacqueline East
250 ## - EDITION STATEMENT
Edition statement This editionp published in 2009.
260 ## - PUBLICATION, DISTRIBUTION, ETC.
Place of publication, distribution, etc. Oxford OX2 8DR :
Name of publisher, distributor, etc. Lion Children's,
Date of publication, distribution, etc. 2007.
300 ## - PHYSICAL DESCRIPTION
Extent 30 unnumbered pages :
Other physical details color illustrations ;
Dimensions 27 cm
505 ## - FORMATTED CONTENTS NOTE
Formatted contents note H<br/>
520 ## - SUMMARY, ETC.
Summary, etc. Once again, Bob Hartman gives his inimitable treatment to a retelling of the popular traditional tale of the story of the Three Billy Goats Gruff. This time the Troll can be found under the climbing frame in the school playground of the Traditional Academy for Small Furry Animals and the Odd Mythical Creature. Children are sure to know a similar bullying character in their own school and will be delighted to see the Troll get his come-uppance. Jacqueline East's witty illustrations include appealing yet characterful animals and a suitably obnoxious Troll. This fun-filled tale will appeal to fans of The Wolf Who Cried Boy and other Hartman followers.
521 8# - TARGET AUDIENCE NOTE
Target audience note 430<br/>
Source Lexile estimate<br/>
521 8# - TARGET AUDIENCE NOTE
Target audience note H<br/>
Source Raz-Plus<br/>
650 ## - SUBJECT ADDED ENTRY--TOPICAL TERM
Topical term or geographic name entry element Picture Book
Form subdivision Fractured Fairy Tales
General subdivision Children's
700 ## - ADDED ENTRY--PERSONAL NAME
Personal name East, Jacqueline
Relator term illustrator
942 ## - ADDED ENTRY ELEMENTS (KOHA)
Source of classification or shelving scheme Dewey Decimal Classification
Koha item type Books
Suppress in OPAC No
Holdings
Withdrawn status Lost status Source of classification or shelving scheme Damaged status Not for loan Collection Home library Current library Shelving location Date acquired Total Checkouts Full call number Barcode Date last seen Copy number Price effective from Koha item type
    Dewey Decimal Classification     Juvenile Fiction Footprints International School Library Network Toul Kork Campus Footprints International School Library Network Toul Kork Campus TK Primary Library Room(4th Floor), Bookcase 1&2, Shelves 1-16, Dark Blue Books 07/10/2025   HAR 813.5 PZ7.H26725 T FISTKG1C073 07/10/2025 1 07/10/2025 Books